Guess The State From Hints #2 - Statistics

General Stats
  • This quiz has been taken 11 times
  • The average score is 7 of 10
Answer Stats
Hint Answer % Correct
Smokey The Bear is buried in this US state New Mexico
100%
Driest US state Nevada
91%
Home of George Washington Carver found 300 uses for a peanut Alabama
82%
This US state declined to host the 1976 Winter Olympics Colorado
73%
This state had the first umbrella factory in the US Maryland
64%
This state has the only roller skating museum in the world Nebraska
64%
The first magazine in America was created in this state Pennsylvania
64%
This US state has the only active diamond mine in the US Arkansas
55%
Most of the country's glass marbles comes from this state West Virginia
55%
The Type Writer was invented in this US state in 1867 Wisconsin
45%
No matching quizzes found
Score Distribution
Percent of People with Each Score
Percentile by Number Answered
Your Score History
You have not taken this quiz